Sing - Ed Sheeran - ALL LYRICS - Statistics

General Stats
  • This quiz has been taken 71 times
  • The average score is 304 of 443
Answer Stats
Answer % Correct
I
98%
i
98%
in
96%
the
96%
a
95%
it
95%
you
95%
It's
93%
it's
93%
Sing
93%
to
93%
even
91%
know
91%
So
91%
so
91%
on
89%
don't
87%
hear
87%
me
87%
of
87%
We
87%
we
87%
with
87%
be
85%
come
85%
If
85%
if
85%
no
85%
evening
84%
for
84%
her
84%
late
84%
love
84%
your
84%
down
82%
get
82%
let
82%
need
82%
night
82%
want
82%
darling
80%
And
78%
and
78%
could
78%
from
78%
here
78%
now
78%
everybody
76%
most
76%
then
76%
they
76%
would
76%
disappear
75%
feel
75%
go
75%
maybe
75%
side
75%
wanna
75%
close
73%
Take
73%
take
73%
wish
73%
won't
73%
head
71%
ignoring
71%
I've
71%
set
71%
can
69%
Can
69%
hold
69%
toe
69%
been
67%
lady
67%
mine
67%
time
67%
tone
67%
what
67%
body
65%
I'm
65%
is
65%
Louder
65%
(louder)
65%
(Louder)
65%
my
65%
This
65%
this
65%
you're
65%
falling
64%
into
64%
Not
64%
say
64%
another
62%
getting
62%
ahead
60%
but
60%
just
60%
longest
60%
rushing
60%
days
58%
out
58%
she
58%
through
58%
couple
56%
fire
56%
land
56%
step
56%
found
55%
got
55%
involved
55%
nothing
55%
one
55%
really
55%
sat
55%
hand
53%
meet
53%
smoke
53%
something
53%
drink
51%
Glass
51%
nice
51%
no-man's
51%
stage
51%
that
51%
told
51%
brigade
49%
said
49%
saw
49%
shes
49%
she's
49%
comes
47%
name
47%
Until
47%
until
47%
ya
47%
all
45%
bottle
45%
flames
45%
hope
45%
tequila
45%
already
44%
figure
44%
oh-oh
44%
handed
42%
supposed
42%
water
42%
act
40%
keeper
40%
couch
38%
filled
38%
kindness
38%
local
38%
programme
38%
small
38%
finds
36%
kissing
36%
pray
36%
singing
36%
sit
36%
thing
36%
ablaze
35%
anybody
35%
led
35%
mouth
35%
are
33%
home
31%
meant
31%
deep
29%
drive
29%
oh-oh-oh-oh
29%
rave
27%
guys
25%
up
25%
music
24%
our
22%
dance
20%
oh-oh-oh-oh-oh-oh-oh
20%
beat
18%
changed
18%
drunk
18%
again
16%
kicks
16%
roads
16%
back
15%
before
15%
ooh-ooh
13%
sobering
13%
hiding
5%
ooh-ohh
0%
No matching quizzes found
Score Distribution
Percent of People with Each Score
Percentile by Number Answered
Your Score History
You have not taken this quiz